000
00206 a2200097 4500
001
12257
100
_a
Mustansar Hussain Tarrar
245
_a
Qila Jungi
260
_a
_b
Sang-e-Meel
_c
090
_c
9506
_d
9506
942
_a
NUST-CAE
_c
M
_c
36385
999
_c
247330
_d
247330